00572nam a2200145 a 450000100100000000500170001000800410002704000250006824500570009326000700015030000520022050400320027295201050030499900170040900003191320200930063258.0110707s1986 sp 000 0 spa d aDO-SdBNPbspacBNPHU00aEl rio Manzanares /cMaría Luisa Bermudez Meneses. aMadrid, Espania :bConsejería de Educación y Juventud,c1986. a203 p. :bil., gráf., mapas, planos ;c22 cm. aBibliografía : p. 199-200 001050718MOaGRbGRcCTd2011-07-07iLF1l0o p31913-10r2020-06-25w2020-06-25y1ZNo se presta c31404d31404